Emin Pasha in Central Africa (Record no. 161484)
[ view plain ]
| 000 -LEADER | |
|---|---|
| campo de control de longitud fija | 00834nam a22002055i 4500 |
| 001 - NÚMERO DE CONTROL | |
| campo de control | 161484 |
| 003 - IDENTIFICADOR DE NÚMERO DE CONTROL | |
| campo de control | ES-MaACL |
| 005 - FECHA Y HORA DE LA ÚLTIMA TRANSACCIÓN | |
| campo de control | 20230906212309.0 |
| 008 - DATOS DE LONGITUD FIJA--INFORMACIÓN GENERAL | |
| campo de control de longitud fija | 041020s1888 xxk |||| | eng d |
| 040 ## - FUENTE DE CATALOGACIÓN | |
| Centro catalogador/agencia de origen | CAM |
| Lengua de catalogación | spa |
| Centro/agencia transcriptor | CAM |
| 100 0# - ENTRADA PRINCIPAL--NOMBRE DE PERSONA | |
| Nombre de persona | Emin Pash ( |
| Fechas asociadas al nombre | 1840-1892) |
| 9 (RLIN) | 155241 |
| 245 10 - MENCIÓN DEL TÍTULO | |
| Título | Emin Pasha in Central Africa |
| Resto del título | : being a collection of his letters and journals / |
| Mención de responsabilidad, etc. | edited and anoted by G. Schweinfurth [et al.]; translated by R. W. Felkin. |
| 260 ## - PUBLICACIÓN, DISTRIBUCIÓN, ETC. | |
| Lugar de publicación, distribución, etc. | London : |
| Nombre del editor, distribuidor, etc. | George Philip & Son, |
| Fecha de publicación, distribución, etc. | 1888 ( |
| Fabricante | Ballantyne, Hanson & Co) |
| 300 ## - DESCRIPCIÓN FÍSICA | |
| Extensión | [2] h. de lám., [1] h. map. pleg., XVIII, 547 p. ; |
| Dimensiones | 23 cm. |
| 597 ## - NOTA DE DESCRIPCIÓN FÍSICA | |
| NOTA DE DESCRIPCIÓN FÍSICA | Las h. de lám. son retratos de Emin Pasha. |
| 700 11 - ENTRADA AGREGADA--NOMBRE PERSONAL | |
| Nombre de persona | Ratzel, F., |
| Término indicativo de función/relación | |
| 9 (RLIN) | 131622 |
| 700 11 - ENTRADA AGREGADA--NOMBRE PERSONAL | |
| Nombre de persona | Hartlaub, G., |
| Término indicativo de función/relación | |
| 9 (RLIN) | 127799 |
| 700 1# - ENTRADA AGREGADA--NOMBRE PERSONAL | |
| Nombre de persona | Felkin, W. |
| 9 (RLIN) | 127033 |
| 852 ## - LOCALIZACIÓN | |
| Ubicación | ES-MaACL |
| Número de control de estantería | G-11956 |
| Nota libre | -- Enc. tela |
| Estatus retirado | Estado de pérdida | Estado de daño | No para préstamo | Colección | Biblioteca de origen | Biblioteca actual | Ubicación en estantería | Fecha de adquisición | Fuente de adquisición | Total de préstamos | Signatura topográfica completa | Código de barras | Visto por última vez | Precio de reemplazo | Tipo de ítem Koha |
|---|---|---|---|---|---|---|---|---|---|---|---|---|---|---|---|
| Libros del s. XIX | Biblioteca del Ateneo de Madrid | Biblioteca del Ateneo de Madrid | Sala Pecera Planta 3 | 17/01/2008 | G-11956 | 1169151 | 23/02/2023 | 23/02/2023 | Libro impreso antiguo |
